Mao shi ming wu tu shuo : 9 juan /

Saved in:
Bibliographic Details
Main Author: Xu, Ding, active 1751-1771.
Format: Book
Language:Chinese
Published: [China : s.n.], Qing Qianlong xin mao 36 nian [1771]
Series:National Library of China -- Harvard-Yenching Library Chinese rare book digitization project.
Subjects:
Tags: Add Tag
No Tags, Be the first to tag this record!
LEADER 01196cam a2200301La 4500
001 007920249-7
005 20100730154519.0
008 890424s1771 cc a 000 0 chi d
035 0 |a ocn786405303 
035 0 |a ocm36939398 
040 |a ZCA  |c ZCA  |d HUA  |d HMY 
100 1 |6 880-01  |a Xu, Ding,  |d active 1751-1771. 
245 1 0 |6 880-02  |a Mao shi ming wu tu shuo :  |b 9 juan /  |c Xu Ding ji. 
260 |6 880-03  |a [China :  |b s.n.],  |c Qing Qianlong xin mao 36 nian [1771] 
300 |a 4 v. :  |b ill. ;  |c 29 cm. 
500 |a Blockprint. 
500 |a Double leaves, oriental style, in case. 
630 0 0 |6 880-04  |a Shi jing. 
880 1 |6 100-01  |a 徐鼎,  |d active 1751-1771. 
880 1 0 |6 245-02  |a 毛詩名物圖說 :  |b 九卷 /  |c 徐鼎輯. 
880 |6 260-03  |a [China :  |b s.n.],  |c 清乾隆辛卯36年[1771] 
880 |6 500-00  |a 二節板. 上欄刻名物圖, 下欄刻注釋文; 十四行二十字, 四周單邊, 白口, 單魚尾, 框高22.1 x 14.4公分. 
880 |6 500-00  |a 鈐印有: "雨山艸堂". 
880 0 4 |6 630-04  |a 詩經. 
830 0 |a National Library of China -- Harvard-Yenching Library Chinese rare book digitization project.  |5 net 
988 |a 20021119 
049 |a HMYH  |o d 
906 |0 OCLC